[Event "Open de Louviers"]
[Site "Louviers"]
[Date "2004.05.30"]
[Round "2"]
[White "Koumba Mounguengui, Jose Evrard"]
[Black "Varin, Joel"]
[Result "1-0"]
[WhiteElo "2090"]
[BlackElo "1770"]
[PlyCount "48"]

1. e4 Nf6 2. e5 Nd5 3. d4 d6 4. c4 Nb6 5. f4 dxe5 6. fxe5 g6 7. Nc3 Bg7 8. Nf3
c5 9. d5 O-O 10. Be2 Bf5 11. Bg5 h6 12. Bh4 g5 13. Bg3 e6 14. O-O N8d7 15. Bd3
Bxd3 16. Qxd3 g4 17. dxe6 fxe6 18. Bh4 Qc7 19. Ne4 gxf3 20. Nf6+ Bxf6 21. exf6
Ne5 22. Qc3 Nbd7 23. Rae1 fxg2 24. Qg3+ Kf7 1-0

[Event "Open de Louviers"]
[Site "Louviers"]
[Date "2004.05.30"]
[Round "2"]
[White "Wielezynski, Olivier"]
[Black "Vigneron, Frederic"]
[Result "0-1"]
[WhiteElo "1660"]
[BlackElo "2047"]
[PlyCount "104"]

1. e4 d6 2. d4 Nf6 3. Nc3 c6 4. Bg5 Qa5 5. Bd2 Qb6 6. Bc1 g6 7. h3 Bg7 8. Nf3
O-O 9. Bc4 d5 10. exd5 cxd5 11. Bxd5 Nxd5 12. Nxd5 Qa5+ 13. Nc3 Nc6 14. O-O Rd8
15. Qe2 e6 16. Be3 Qb4 17. Rab1 Nxd4 18. Bxd4 Bxd4 19. Nxd4 Qxd4 20. Rfd1 Qf6
21. Rxd8+ Qxd8 22. Rd1 Qe7 23. Qd3 b6 24. Qd8+ Qxd8 25. Rxd8+ Kg7 26. Nb5 Bb7
27. Rxa8 Bxa8 28. Nxa7 Kf6 29. Nb5 Ke5 30. Kf1 Be4 31. Nc3 Bxc2 32. Ke2 Be4 33.
f3 Bb7 34. Ke3 g5 35. g3 f5 36. f4+ gxf4+ 37. gxf4+ Kd6 38. Kd4 Bc6 39. h4 Ke7
40. b4 Kf6 41. a4 Kg6 42. a5 bxa5 43. bxa5 Kh5 44. Ke5 Kxh4 45. a6 Kg4 46. Kxe6
h5 47. Nd5 h4 48. Ne3+ Kxf4 49. Nf1 h3 50. Nh2 Kg3 51. Nf1+ Kf2 52. Nh2 Kg2 0-1

[Event "Open de Louviers"]
[Site "Louviers"]
[Date "2004.05.30"]
[Round "2"]
[White "Gibson, John"]
[Black "Serano, Vincent"]
[Result "1/2-1/2"]
[WhiteElo "2020"]
[BlackElo "1660"]
[PlyCount "79"]

1. d4 g6 2. Nf3 Bg7 3. Nc3 d6 4. e4 Nf6 5. h3 O-O 6. Bg5 c6 7. Bd3 Nbd7 8. Qd2
b5 9. O-O Qb6 10. Be3 a6 11. e5 Nd5 12. Nxd5 cxd5 13. exd6 Qxd6 14. Bf4 Qb6 15.
Rfe1 Re8 16. c3 Nf8 17. Bh6 Be6 18. Bxg7 Kxg7 19. Qf4 Rac8 20. Ng5 Qc7 21. Qh4
Qd6 22. Re5 Rc6 23. Rae1 Qd7 24. f4 f6 25. Nxe6+ Rxe6 26. Rxe6 Nxe6 27. Qg4 Nf8
28. Qxd7 Nxd7 29. Re6 Nb8 30. a4 Kf7 31. Rb6 bxa4 32. Bxa6 Nxa6 33. Rxa6 Rb8
34. Rxa4 Rxb2 35. Ra5 Ke6 36. g4 Re2 37. Rc5 h6 38. f5+ gxf5 39. gxf5+ Kd6 40.
Rc8 1/2-1/2

[Event "Open de Louviers"]
[Site "Louviers"]
[Date "2004.05.30"]
[Round "2"]
[White "Vine, Guillaume"]
[Black "Velasquez, Jean-Luc"]
[Result "0-1"]
[WhiteElo "1620"]
[BlackElo "2014"]
[PlyCount "94"]

1. e4 c6 2. d4 d5 3. Nc3 dxe4 4. Nxe4 Bf5 5. f3 e6 6. Bf4 Nf6 7. Nxf6+ Qxf6 8.
Ne2 Nd7 9. Qd2 h6 10. O-O-O Qd8 11. Ng3 Bg6 12. Bd3 Bxd3 13. Qxd3 Nf6 14. Rhe1
Qa5 15. Qb3 O-O-O 16. Bd2 Qa6 17. Bc3 Nd5 18. Ne4 Be7 19. g3 Rhe8 20. Kb1 Nxc3+
21. Qxc3 Qb5 22. Qd3 Qb6 23. Qc3 Bb4 24. Qe3 Bxe1 25. Qxe1 Rxd4 26. Nd6+ Rxd6
27. Rxd6 Rd8 28. Rxd8+ Qxd8 29. a3 Qd5 30. Qc3 f6 31. Qd3 Qxd3 32. cxd3 Kd7 33.
Kc2 Kd6 34. Kc3 Kd5 35. d4 c5 36. dxc5 Kxc5 37. Kd3 Kd5 38. b3 e5 39. g4 g6 40.
h3 f5 41. Ke3 b5 42. Kd3 a5 43. Ke3 e4 44. f4 a4 45. bxa4 bxa4 46. h4 h5 47. g5
Kc4 0-1

[Event "Open de Louviers"]
[Site "Louviers"]
[Date "2004.05.30"]
[Round "2"]
[White "Baron, Romuald"]
[Black "Leguillon, David"]
[Result "1-0"]
[WhiteElo "1950"]
[BlackElo "1620"]
[PlyCount "93"]

1. d4 Nf6 2. c4 c5 3. d5 b5 4. cxb5 a6 5. b6 Qxb6 6. Nc3 g6 7. Nf3 Bg7 8. e4 d6
9. Nd2 O-O 10. Nc4 Qc7 11. Be2 Nbd7 12. a4 Nb6 13. O-O Nxc4 14. Bxc4 Ng4 15.
Bd2 Ne5 16. Be2 f5 17. Qc1 fxe4 18. Nxe4 Bf5 19. Ng3 Bd3 20. Bc3 Bxe2 21. Nxe2
Nd3 22. Qd2 Bxc3 23. Qxc3 Nb4 24. Qe3 Qd7 25. Qd2 Qf5 26. Nc3 Nc2 27. Rad1 Nd4
28. Ne2 Qxd5 29. Nxd4 cxd4 30. Qxd4 Qb3 31. Rfe1 Rab8 32. Rxe7 Qxb2 33. Qh4 h5
34. Re6 Rb4 35. Rxg6+ Kf7 36. Qxh5 Ke7 37. Re1+ Kd7 38. Qh3+ Kc6 39. Qe3 Rc4
40. Rd1 Rf6 41. Rxf6 Qxf6 42. Qe8+ Kc5 43. Qc8+ Kb4 44. Rb1+ Kc3 45. Rc1+ Kd2
46. Qxc4 Qg6 47. Qc3+ 1-0

[Event "Open de Louviers"]
[Site "Louviers"]
[Date "2004.05.30"]
[Round "2"]
[White "Benchara, Sara"]
[Black "Haudrechy, Daniel"]
[Result "0-1"]
[WhiteElo "1160"]
[BlackElo "1930"]
[PlyCount "42"]

1. e4 c5 2. Nc3 Nc6 3. Be2 d6 4. d3 Nf6 5. Nh3 Bxh3 6. gxh3 Qd7 7. O-O Qxh3 8.
Re1 Ne5 9. Bf1 Qg4+ 10. Bg2 h5 11. Qxg4 hxg4 12. Nb5 Kd7 13. Nc3 g6 14. Bd2 Bh6
15. Bxh6 Rxh6 16. Rad1 Rah8 17. Kf1 Rxh2 18. Ke2 Rxg2 19. Rh1 Rhh2 20. Rhe1
Rxf2+ 21. Ke3 Rf3# 0-1

[Event "Open de Louviers"]
[Site "Louviers"]
[Date "2004.05.30"]
[Round "2"]
[White "Ababsa, Tufek"]
[Black "Grenet, Dominique"]
[Result "1-0"]
[WhiteElo "1750"]
[BlackElo "1600"]
[PlyCount "107"]

1. e4 c5 2. Nf3 e6 3. d3 Nc6 4. Nbd2 Nf6 5. g3 Be7 6. Bg2 d6 7. c3 O-O 8. O-O
Rb8 9. a4 b6 10. d4 Bb7 11. Re1 Qc7 12. Qe2 cxd4 13. Nxd4 Nxd4 14. cxd4 e5 15.
d5 Qd7 16. Nf1 Qg4 17. Qxg4 Nxg4 18. Bd2 Ba6 19. h3 Nf6 20. Ne3 Rfc8 21. Bc3
Bd3 22. Nf5 Bf8 23. Bb4 Rd8 24. g4 a5 25. Ba3 g6 26. Ng3 Rbc8 27. Re3 Bc2 28.
g5 Nd7 29. b3 Nc5 30. Bxc5 bxc5 31. Rc1 Bxb3 32. Rxb3 Rb8 33. Rcb1 Rb4 34. Rxb4
cxb4 35. Ne2 Be7 36. h4 Kg7 37. f4 Rc8 38. Rc1 Rb8 39. f5 Bd8 40. Rc6 Bb6+ 41.
Kf1 Bc5 42. f6+ Kf8 43. Nc1 Ke8 44. Nb3 Ra8 45. Ke2 Kf8 46. Nxc5 dxc5 47. Rxc5
Rb8 48. Kd2 b3 49. Kc1 Ke8 50. Kb2 Kd8 51. Bh3 Ra8 52. Kxb3 Rb8+ 53. Rb5 Ra8
54. d6 1-0

[Event "Open de Louviers"]
[Site "Louviers"]
[Date "2004.05.30"]
[Round "2"]
[White "Drouineau, Olivier"]
[Black "Gaebel, Cedric"]
[Result "1-0"]
[WhiteElo "1580"]
[BlackElo "1300"]
[PlyCount "87"]

1. d4 d5 2. c4 e5 3. dxe5 Nc6 4. Nf3 Be6 5. a3 Bc5 6. b4 Be7 7. c5 Nxe5 8. Nxe5
Bf6 9. Bb2 Ne7 10. e3 O-O 11. Nd2 c6 12. Ndf3 Bg4 13. Be2 Bxf3 14. Bxf3 Qc7 15.
Nd3 Bxb2 16. Nxb2 Qe5 17. Qc2 Qg5 18. O-O Nf5 19. Nd3 Nh4 20. Qe2 Rae8 21. Kh1
Re6 22. Nf4 Rf6 23. g3 Nxf3 24. Qxf3 Re8 25. a4 g6 26. Rac1 Re4 27. Rb1 Qh5 28.
Qxh5 gxh5 29. Nxh5 Re5 30. Nxf6+ Kg7 31. Ng4 Re4 32. h3 f5 33. Nh2 a6 34. g4
fxg4 35. hxg4 b6 36. cxb6 Re8 37. Rfc1 Rb8 38. Rxc6 a5 39. bxa5 h5 40. a6 hxg4
41. b7 g3 42. fxg3 d4 43. exd4 Kf7 44. a7 1-0

[Event "Open de Louviers"]
[Site "Louviers"]
[Date "2004.05.30"]
[Round "2"]
[White "Frigere, Guy"]
[Black "Abra, Mohammed"]
[Result "1-0"]
[WhiteElo "1380"]
[BlackElo "1499"]
[PlyCount "81"]

1. e4 e5 2. Nf3 Nc6 3. b3 Nf6 4. Nc3 d5 5. d3 Bb4 6. Bb2 d4 7. Qd2 dxc3 8. Bxc3
Bxc3 9. Qxc3 O-O 10. Nxe5 Nxe5 11. Qxe5 Ng4 12. Qg3 Qd4 13. Rc1 Qc3+ 14. Ke2
Re8 15. h3 Ne5 16. f4 Nc6 17. Qf2 f5 18. e5 Nd4+ 19. Kd1 Be6 20. g4 a5 21. a3
b5 22. g5 g6 23. h4 b4 24. a4 Bd5 25. Rh3 Re6 26. Be2 Rc6 27. h5 Kf7 28. Qh2
Ke7 29. hxg6 hxg6 30. Rh7+ Bf7 31. Rg7 Rf8 32. Rh7 Nxb3 33. e6 Kxe6 34. Bf3
Nxc1 35. Bxc6 Qxc6 36. Kxc1 b3 37. Qe2+ Kd6 38. Qe5+ Kd7 39. c4 Kc8 40. Qe7 Re8
41. Qxf7 1-0

[Event "Open de Louviers"]
[Site "Louviers"]
[Date "2004.05.30"]
[Round "2"]
[White "Bidon, Sebastien"]
[Black "Gehl, Arnaud"]
[Result "1-0"]
[WhiteElo "1499"]
[BlackElo "1400"]
[PlyCount "53"]

1. d4 d5 2. Bg5 Be6 3. c3 Bf5 4. e3 Nc6 5. f4 Qd7 6. h3 e6 7. Bd3 Be7 8. Bxe7
Qxe7 9. Nf3 Nf6 10. Bb5 Qd7 11. Ne5 Qe7 12. Nxc6 bxc6 13. Bxc6+ Kf8 14. Bxa8
Qd7 15. Qb3 Bxb1 16. Rxb1 Ke7 17. Qb4+ c5 18. Qxc5+ Ke8 19. Bc6 Qxc6 20. Qxc6+
Ke7 21. Qc5+ Kd8 22. b4 Nh5 23. b5 Re8 24. Qd6+ Kc8 25. b6 axb6 26. Rxb6 Rd8
27. Rb8# 1-0

[Event "Open de Louviers"]
[Site "Louviers"]
[Date "2004.05.30"]
[Round "2"]
[White "Locoge, Thierry"]
[Black "Kurschat, Serge"]
[Result "0-1"]
[WhiteElo "1330"]
[BlackElo "1499"]
[PlyCount "148"]

1. e4 c5 2. c4 e6 3. Nc3 Nc6 4. Nf3 g6 5. d3 Bg7 6. Bd2 Nge7 7. Qc2 O-O 8. Be3
d6 9. Qd2 Qc7 10. Bh6 e5 11. Bxg7 Kxg7 12. Be2 Nd4 13. O-O f5 14. exf5 Bxf5 15.
Nxd4 exd4 16. Ne4 d5 17. Ng5 dxc4 18. dxc4 Rae8 19. Bd3 Qc6 20. Rae1 Bd7 21.
Be4 Qb6 22. b3 Nf5 23. Bxf5 Bxf5 24. Rxe8 Rxe8 25. Re1 Qd8 26. Rxe8 Qxe8 27.
Nf3 Qe4 28. Kf1 Qb1+ 29. Qe1 Bd3+ 30. Kg1 Qxe1+ 31. Nxe1 Be2 32. f3 d3 33. Kf2
Kf6 34. Ke3 Kf5 35. h3 h5 36. h4 Ke5 37. a3 a6 38. Nxd3+ Bxd3 39. Kxd3 Kf4 40.
Ke2 Kg3 41. Kf1 Kxh4 42. Kf2 a5 43. g3+ Kh3 44. f4 Kg4 45. Kg2 Kf5 46. Kf3 Kf6
47. Ke4 Ke6 48. Kf3 Kf5 49. Kf2 h4 50. gxh4 Kxf4 51. h5 gxh5 52. Kg2 Ke3 53.
Kg3 Kd3 54. Kf4 Kc3 55. Ke5 Kxb3 56. Kd5 b6 57. Kc6 Kxc4 58. Kxb6 a4 59. Ka5
Kb3 60. Kb5 c4 61. Kc5 c3 62. Kd4 c2 63. Kd3 c1=Q 64. Ke2 h4 65. Kf2 Qc3 66.
Kg2 Qg3+ 67. Kh1 Qf4 68. Kg2 Kc3 69. Kh3 Kd3 70. Kg2 Ke3 71. Kg1 Ke2 72. Kh1
Qg4 73. Kh2 Kf2 74. Kh1 Qg2# 0-1

[Event "Open de Louviers"]
[Site "Louviers"]
[Date "2004.05.30"]
[Round "2"]
[White "Voegele, Francois-Marie"]
[Black "Benchara, Imane"]
[Result "0-1"]
[WhiteElo "1499"]
[BlackElo "1340"]
[PlyCount "86"]

1. d4 d5 2. Nf3 Bf5 3. Bf4 e6 4. e3 Nc6 5. Nc3 Nf6 6. Bb5 Qd7 7. O-O Bd6 8. Qd2
O-O 9. Bxd6 Qxd6 10. Bxc6 Qxc6 11. Ne5 Qe8 12. h3 Qe7 13. f4 Qb4 14. Rab1 Qe7
15. a3 Nd7 16. Nxd7 Qxd7 17. g4 Bg6 18. b3 Qc6 19. Rbc1 Qa6 20. Ra1 Qa5 21.
Rfd1 f5 22. Na4 Qxd2 23. Rxd2 fxg4 24. hxg4 Rae8 25. Nc5 e5 26. Nxb7 exf4 27.
Re1 fxe3 28. Rde2 Rf7 29. c3 h5 30. g5 Re4 31. Rxe3 Rh4 32. Nd8 Rf8 33. Ne6 Rf7
34. Nd8 Rff4 35. Ne6 Rf5 36. Re5 Rg4+ 37. Kh2 Rf3 38. R5e3 Rf2+ 39. Kh3 Bf5 40.
Nxc7 Rgg2+ 41. Kh4 Rf4+ 42. Kxh5 Kh7 43. g6+ Bxg6# 0-1

[Event "Open de Louviers"]
[Site "Louviers"]
[Date "2004.05.30"]
[Round "2"]
[White "Blaise, Geoffrey"]
[Black "Lebert, Eric"]
[Result "0-1"]
[WhiteElo "1280"]
[BlackElo "1490"]
[PlyCount "128"]

1. e4 c6 2. d4 d5 3. Nc3 Nf6 4. e5 Ng8 5. Bd3 e6 6. Nf3 c5 7. dxc5 Bxc5 8. Qe2
Nc6 9. O-O a6 10. Na4 Ba7 11. Be3 Bxe3 12. Qxe3 Nb4 13. Qc5 Nxd3 14. cxd3 Bd7
15. Nb6 Rb8 16. Rac1 Ne7 17. a4 O-O 18. Nd4 Nc8 19. a5 Nxb6 20. axb6 Qg5 21.
Ne2 Qxe5 22. Nd4 Rfc8 23. Qb4 Rxc1 24. Rxc1 Qf4 25. Rc7 Rc8 26. Rxc8+ Bxc8 27.
Qc3 Qb8 28. Nb3 Bd7 29. Nc5 Bc6 30. d4 Qd8 31. Nxa6 Qxb6 32. Nb4 Qa5 33. f3 Qb6
34. Kf2 g6 35. Ke3 Qc7 36. h3 Qd6 37. g4 Kg7 38. Qc5 Qxc5 39. dxc5 e5 40. f4
d4+ 41. Kd3 e4+ 42. Kxd4 f5 43. Nxc6 bxc6 44. b4 Kf7 45. b5 cxb5 46. c6 Ke7 47.
Kc5 e3 48. Kb6 e2 49. Kb7 e1=Q 50. c7 Qe4+ 51. Kb8 Qc6 52. gxf5 gxf5 53. h4
Qxc7+ 54. Kxc7 b4 55. h5 b3 56. h6 b2 57. Kc8 b1=Q 58. Kc7 Qc2+ 59. Kb6 Kd6 60.
Kb5 Kd5 61. Kb4 Qc4+ 62. Ka5 Qb3 63. Ka6 Qb4 64. Ka7 Kc6 0-1

[Event "Open de Louviers"]
[Site "Louviers"]
[Date "2004.05.30"]
[Round "2"]
[White "Duc, Marie-Christine"]
[Black "Medghoul, Bilal"]
[Result "1-0"]
[WhiteElo "1480"]
[BlackElo "1280"]
[PlyCount "41"]

1. d4 d5 2. c4 dxc4 3. e4 c5 4. d5 Nf6 5. Nc3 e6 6. Nf3 Bd7 7. Bxc4 Qb6 8. O-O
Bd6 9. e5 exd5 10. exf6 dxc4 11. fxg7 Rg8 12. Re1+ Kd8 13. Bg5+ Kc7 14. Nd5+
Kc6 15. Nxb6 axb6 16. Bf6 Na6 17. Ne5+ Bxe5 18. Bxe5 Nb4 19. Qd6+ Kb5 20. Qxd7+
Ka6 21. Qa4# 1-0

[Event "Open de Louviers"]
[Site "Louviers"]
[Date "2004.05.30"]
[Round "2"]
[White "Divry, Sylvie"]
[Black "Pizzo, Simon"]
[Result "0-1"]
[WhiteElo "1250"]
[BlackElo "1440"]
[PlyCount "100"]

1. d4 Nf6 2. c4 c5 3. d5 b5 4. b3 bxc4 5. bxc4 d6 6. Nc3 g6 7. Nf3 Bg7 8. Rb1
O-O 9. e4 Nbd7 10. Be2 a5 11. O-O Ng4 12. Bb2 Nge5 13. Re1 Ba6 14. h4 Nxf3+ 15.
Bxf3 Bxc4 16. Ne2 Ne5 17. Nf4 Bxa2 18. Rc1 Nxf3+ 19. Qxf3 Bxb2 20. Rc2 Rb8 21.
h5 Rb3 22. Qg4 Bg7 23. Rxa2 Qb6 24. Rae2 a4 25. Ne6 Ra8 26. Nxg7 Kxg7 27. e5
Rb2 28. Re3 a3 29. h6+ Kf8 30. e6 f6 31. Rf3 a2 32. Rxf6+ exf6 33. e7+ Ke8 34.
Qe6 a1=Q 35. Qg8+ Kd7 36. e8=Q+ Rxe8 37. Qxe8+ Kc7 38. Qe7+ Kc8 39. Rxa1 Rb1+
40. Rxb1 Qxb1+ 41. Kh2 Qb7 42. Qxd6 Qc7 43. Qxc7+ Kxc7 44. Kg1 Kd6 45. Kf1 Kxd5
46. Ke2 Kd4 47. Kd2 f5 48. f3 f4 49. g4 fxg3 50. Ke1 c4 0-1

[Event "Open de Louviers"]
[Site "Louviers"]
[Date "2004.05.30"]
[Round "2"]
[White "Vine, Romain"]
[Black "Becrit, Guy"]
[Result "1-0"]
[WhiteElo "1430"]
[BlackElo "1240"]
[PlyCount "65"]

1. e4 c5 2. Nf3 d6 3. Bc4 Nf6 4. d3 e6 5. Nc3 a6 6. a3 b5 7. Ba2 Nbd7 8. Bf4
Bb7 9. O-O Be7 10. Re1 Qc7 11. e5 dxe5 12. Nxe5 Bd6 13. Qe2 O-O 14. Nxd7 Qxd7
15. Bxd6 Qxd6 16. Rad1 Qc6 17. f3 Rfe8 18. Qe3 Rad8 19. Ne4 Nxe4 20. Qxe4 Qd7
21. Qe5 Qe7 22. Rd2 c4 23. Red1 Rd5 24. Qe3 Qh4 25. Qe4 Qg5 26. Qe2 Re5 27. Qf2
Rf5 28. Kh1 h5 29. dxc4 h4 30. Rd6 h3 31. Rg1 hxg2+ 32. Rxg2 Qf6 33. Rg3 {
Suite non lisible} 1-0

[Event "Open de Louviers"]
[Site "Louviers"]
[Date "2004.05.30"]
[Round "2"]
[White "Mougin, Loic"]
[Black "Arinal, Serge"]
[Result "0-1"]
[WhiteElo "1240"]
[BlackElo "1420"]
[PlyCount "60"]

1. e4 e6 2. d4 d5 3. e5 c5 4. c3 Nc6 5. Nf3 Bd7 6. Be3 a6 7. g3 Nge7 8. Bg2 Nf5
9. Bg5 Qb6 10. Qb3 Qxb3 11. axb3 cxd4 12. g4 Nfe7 13. Bxe7 Bxe7 14. Nxd4 Nxe5
15. h3 Nd3+ 16. Ke2 Nf4+ 17. Kf3 Nxg2 18. Kxg2 O-O 19. Na3 g6 20. c4 Bf6 21.
Rhd1 e5 22. Nf3 d4 23. g5 Bg7 24. Re1 Bc6 25. b4 e4 26. Nd2 e3+ 27. Kf1 exd2
28. Red1 f6 29. gxf6 Bh6 30. Nb1 Bf3 0-1

[Event "Open de Louviers"]
[Site "Louviers"]
[Date "2004.05.30"]
[Round "2"]
[White "Totain, Christian"]
[Black "Le Port, Luc"]
[Result "1-0"]
[WhiteElo "1450"]
[BlackElo "1220"]
[PlyCount "85"]

1. e4 e5 2. Nf3 Nc6 3. Bc4 Nh6 4. c3 Bc5 5. O-O g5 6. d3 d6 7. Bxg5 Qd7 8. Bxh6
Rg8 9. Ne1 Rg6 10. Be3 Bxe3 11. fxe3 Qe7 12. Bxf7+ Kd8 13. Bxg6 hxg6 14. Qf3
Bd7 15. Qf8+ Be8 16. Qxe7+ Nxe7 17. d4 Bb5 18. Rf8+ Be8 19. Na3 Kd7 20. Rd1 g5
21. dxe5 Nc8 22. exd6 c6 23. e5 Nb6 24. Nac2 Na4 25. e6+ Kxe6 26. d7 Bh5 27.
Rxa8 Bxd1 28. d8=Q Bh5 29. Qg8+ Bf7 30. Qxg5 Nxb2 31. Rxa7 Nd1 32. Qg4+ Kd6 33.
Qxd1+ Bd5 34. e4 Ke5 35. exd5 cxd5 36. Qd4+ Ke6 37. Rxb7 Kd6 38. Rb5 Ke6 39.
Qxd5+ Ke7 40. Rb6 Ke8 41. Qa5 Kd7 42. Qa7+ Kc8 43. Rb8# 1-0

[Event "Open de Louviers"]
[Site "Louviers"]
[Date "2004.05.30"]
[Round "2"]
[White "Lambard, Charles-Antoine"]
[Black "Bordelet, Arthur"]
[Result "0-1"]
[WhiteElo "1199"]
[BlackElo "1470"]
[PlyCount "58"]

1. d4 d5 2. c4 c6 3. Nc3 Bf5 4. e3 e6 5. Qb3 b6 6. Bd2 Nf6 7. Nf3 Be7 8. h3 O-O
9. Be2 c5 10. O-O Nc6 11. Nb5 a6 12. Nc3 Bd6 13. Na4 Rb8 14. Bc3 Qe7 15. cxd5
exd5 16. Bxa6 Be4 17. Be2 b5 18. Bxb5 Bd3 19. Nxc5 Rxb5 20. Qa3 Bxf1 21. Rxf1
Bxc5 22. dxc5 Qxc5 23. Bb4 Qxb4 24. Qxb4 Rxb4 25. Rc1 Ne7 26. Rc7 Re8 27. b3 g6
28. Nd4 Kf8 29. Ne6+ fxe6 0-1

[Event "Open de Louviers"]
[Site "Louviers"]
[Date "2004.05.30"]
[Round "2"]
[White "Vallobra, Pierre"]
[Black "Zakoski, Thomas"]
[Result "0-1"]
[WhiteElo "1410"]
[BlackElo "1199"]
[PlyCount "102"]

{79872kB, GENERAL.ctg
} 1. e4 e5 2. Nf3 Nc6 3. Bb5 Nf6 4. Nc3 a6 5. Bxc6 dxc6
6. Nxe5 Bb4 7. d3 Bc5 8. O-O O-O 9. Qf3 Bd4 10. Qg3 Re8 11. Bh6 Nh5 12. Qg5 g6
13. Nf3 Qxg5 14. Bxg5 Bf6 15. Be3 Bxc3 16. bxc3 Bg4 17. Nd4 c5 18. Nb3 b6 19.
c4 Be2 20. Rfb1 f5 21. exf5 gxf5 22. Re1 f4 23. Rxe2 fxe3 24. Rxe3 Rxe3 25.
fxe3 Re8 26. Re1 Kf8 27. Kf2 Re7 28. d4 cxd4 29. exd4 Rf7+ 30. Ke3 Nf4 31. Kf3
Nd3+ 32. Ke2 Nxe1 33. Kxe1 Kg7 34. c5 b5 35. Na5 h5 36. d5 Rf5 37. c4 bxc4 38.
Nxc4 Rxd5 39. Kf2 Rxc5 40. Ne3 Rc3 41. h4 Ra3 42. Kf3 Rxa2 43. g4 hxg4+ 44.
Kxg4 Ra4+ 45. Kg5 Re4 46. Nf5+ Kg8 47. h5 Re5 48. Kg6 Rxf5 49. Kxf5 a5 50. Kg6
Kh8 51. h6 a4 0-1

[Event "Open de Louviers"]
[Site "Louviers"]
[Date "2004.05.30"]
[Round "3"]
[White "Todorov, Todor"]
[Black "Duverne, Jean-Marie"]
[Result "1-0"]
[WhiteElo "2497"]
[BlackElo "2090"]
[PlyCount "85"]

1. e4 e6 2. d4 d5 3. Nd2 Nf6 4. Bd3 c5 5. dxc5 Bxc5 6. Qe2 Be7 7. Ngf3 Nc6 8.
O-O O-O 9. e5 Nd7 10. c4 Nc5 11. Bb1 d4 12. Ne4 Qb6 13. Nxc5 Qxc5 14. Re1 f5
15. a3 Bd7 16. b4 Qb6 17. Bb2 Rad8 18. c5 Qc7 19. Ba2 Bc8 20. Red1 Kh8 21. Rac1
a6 22. Bxd4 g5 23. Bc3 g4 24. Ne1 Bg5 25. Rb1 h5 26. Rd6 Rde8 27. Rbd1 f4 28.
Qe4 Qf7 29. f3 Ne7 30. Nd3 Nf5 31. a4 Ne3 32. Re1 Bd7 33. Qxb7 Re7 34. Qe4 Bxa4
35. c6 Bh4 36. Rxe3 fxe3 37. Qxe3 gxf3 38. Qh6+ Kg8 39. Rxe6 f2+ 40. Kf1 Rxe6
41. Bxe6 Bb5 42. Qg6+ Kh8 43. Bxf7 1-0

[Event "Open de Louviers"]
[Site "Louviers"]
[Date "2004.05.30"]
[Round "3"]
[White "Vigneron, Frederic"]
[Black "Bersoult, Francois"]
[Result "1/2-1/2"]
[WhiteElo "2047"]
[BlackElo "2259"]
[PlyCount "74"]

1. d4 Nf6 2. c4 g6 3. Nc3 Bg7 4. e4 d6 5. Be2 O-O 6. Bg5 Na6 7. h4 Qe8 8. h5 e5
9. d5 Nd7 10. g4 f5 11. gxf5 gxf5 12. h6 Bf6 13. Bxf6 Nxf6 14. Qd2 fxe4 15.
O-O-O Kh8 16. f3 Bf5 17. Qe3 Nc5 18. Rh4 Nd3+ 19. Bxd3 exd3 20. Ne4 Qa4 21.
Qxd3 Qxa2 22. Ne2 Nxe4 23. fxe4 Bg6 24. Nc3 Qa1+ 25. Kc2 Rf2+ 26. Rd2 Raf8 27.
Rh2 Rxh2 28. Rxh2 Qg1 29. Qh3 a6 30. Re2 Qf1 31. Qd7 Qf7 32. Qh3 Qe7 33. Kb3
Qe8 34. Re3 Qc8 35. Rf3 Qe8 36. Rxf8+ Qxf8 37. Qd7 c6 1/2-1/2

[Event "Open de Louviers"]
[Site "Louviers"]
[Date "2004.05.30"]
[Round "3"]
[White "Medghoul, Sherif"]
[Black "Koumba Mounguengui, Jose Evrard"]
[Result "1-0"]
[WhiteElo "2165"]
[BlackElo "2090"]
[PlyCount "113"]

1. d4 Nf6 2. c4 e5 3. dxe5 Ne4 4. Nd2 Bb4 5. Qc2 d5 6. e3 Bf5 7. Bd3 Nxd2 8.
Bxd2 Bxd3 9. Qxd3 Bxd2+ 10. Qxd2 dxc4 11. Qb4 Qd5 12. Nf3 a5 13. Qa3 Nc6 14.
Rd1 Qe6 15. Qc5 b6 16. Qb5 O-O 17. Rc1 Nb4 18. Qxc4 Qxc4 19. Rxc4 Nxa2 20. Rxc7
Rfc8 21. Rxc8+ Rxc8 22. Kd2 Nb4 23. Nd4 g5 24. h4 g4 25. h5 Rc5 26. Rh4 Rxe5
27. Rxg4+ Kf8 28. Rh4 a4 29. Nf3 Rd5+ 30. Rd4 Rxd4+ 31. Nxd4 Ke7 32. Kc3 Nd5+
33. Kc4 Nf6 34. Kb5 Nxh5 35. Kxb6 Nf6 36. Kb5 Ng4 37. Nf5+ Kf6 38. f3 Nf2 39.
Nd6 Nd1 40. Nc4 Kg5 41. g3 Nf2 42. Kxa4 Nh1 43. g4 Nf2 44. b4 Nd3 45. b5 Kh4
46. b6 Nc5+ 47. Kb5 Nb7 48. Kc6 Nd8+ 49. Kd7 Nb7 50. Ke7 Kg3 51. Ne5 Kf2 52. e4
Ke3 53. Kxf7 Kf4 54. Kf6 Nd8 55. g5 Nb7 56. Nd3+ Ke3 57. Ne1 1-0

[Event "Open de Louviers"]
[Site "Louviers"]
[Date "2004.05.30"]
[Round "3"]
[White "Velasquez, Jean-Luc"]
[Black "Vincent, Didier"]
[Result "0-1"]
[WhiteElo "2014"]
[BlackElo "2150"]
[PlyCount "49"]

1. c4 e5 2. Nc3 Nf6 3. Nf3 Nc6 4. e3 d5 5. cxd5 Nxd5 6. Bb5 Nxc3 7. bxc3 Bd6 8.
d4 exd4 9. exd4 O-O 10. O-O Bg4 11. Qd3 Ne7 12. Bg5 c6 13. Bc4 Qc7 14. Bxe7
Qxe7 15. Rfe1 Qf6 16. Nd2 Bf5 17. Qf3 Qg6 18. a4 Rfe8 19. h3 h5 20. Be2 h4 21.
Qh5 Qf6 22. Nf3 Re4 23. Ng5 Bg6 24. Nxe4 Qf4 25. Qf3 0-1

[Event "Open de Louviers"]
[Site "Louviers"]
[Date "2004.05.30"]
[Round "3"]
[White "Baron, Daniel"]
[Black "Baron, Romuald"]
[Result "1/2-1/2"]
[WhiteElo "2139"]
[BlackElo "1950"]
[PlyCount "27"]

1. d4 d5 2. c4 c6 3. Nf3 Nf6 4. e3 a6 5. Nbd2 Bg4 6. Qb3 Ra7 7. Ne5 Bf5 8. Be2
e6 9. O-O Bd6 10. Ndf3 Nbd7 11. Nxd7 Nxd7 12. Bd2 O-O 13. Bb4 Bxb4 14. Qxb4
1/2-1/2

[Event "Open de Louviers"]
[Site "Louviers"]
[Date "2004.05.30"]
[Round "3"]
[White "Haudrechy, Daniel"]
[Black "Bacon, Nicolas"]
[Result "0-1"]
[WhiteElo "1930"]
[BlackElo "2100"]
[PlyCount "103"]

1. d4 Nf6 2. c4 g6 3. Nc3 Bg7 4. Nf3 O-O 5. Bg5 d6 6. e3 c6 7. h3 a6 8. Qb3
Nbd7 9. Be2 b5 10. cxb5 cxb5 11. O-O Rb8 12. a3 Nb6 13. Rac1 Be6 14. Qc2 Rc8
15. Qb1 Bb3 16. Nd2 Be6 17. Rfd1 Qd7 18. b3 Qa7 19. Nce4 Nbd5 20. Qb2 Nxe4 21.
Nxe4 f5 22. Nd2 h6 23. Bh4 g5 24. Bg3 f4 25. exf4 Bxd4 26. Qb1 Bf5 27. Bd3 Rxc1
28. Rxc1 Bxd3 29. Qxd3 Nxf4 30. Bxf4 Rxf4 31. Qg6+ Bg7 32. Rc8+ Rf8 33. Rxf8+
Kxf8 34. Ne4 Qd7 35. Kh2 a5 36. Ng3 e6 37. Ne4 d5 38. Nd2 a4 39. g3 Qf7 40.
Qxf7+ Kxf7 41. bxa4 bxa4 42. Kg2 Bb2 43. Nb1 Ke7 44. Kf3 Kd6 45. Kg4 Kc5 46.
Kh5 Kc4 47. Kxh6 Bc1 48. Kg6 Kb3 49. Kf6 Kc2 50. Ke5 Kxb1 51. f4 gxf4 52. gxf4
0-1

[Event "Open de Louviers"]
[Site "Louviers"]
[Date "2004.05.30"]
[Round "3"]
[White "Rouas, Yannick"]
[Black "Gibson, John"]
[Result "1/2-1/2"]
[WhiteElo "1720"]
[BlackElo "2020"]
[PlyCount "37"]

{79872kB, GENERAL.ctg
} 1. d4 e6 2. Nf3 f5 3. b3 Nf6 4. Ba3 d6 5. c4 c6 6. Nc3
Qa5 7. Bb2 Ne4 8. Qc2 Be7 9. e3 O-O 10. Bd3 d5 11. O-O Nd7 12. a3 Qd8 13. cxd5
exd5 14. b4 Bd6 15. b5 g5 16. bxc6 bxc6 17. Ne2 g4 18. Ne5 c5 19. Nf4 1/2-1/2

[Event "Open de Louviers"]
[Site "Louviers"]
[Date "2004.05.30"]
[Round "3"]
[White "Serano, Vincent"]
[Black "Ababsa, Tufek"]
[Result "1-0"]
[WhiteElo "1660"]
[BlackElo "1750"]
[PlyCount "57"]

1. e4 e6 2. d4 d5 3. Nd2 Nf6 4. e5 Nfd7 5. Bd3 c5 6. c3 Nc6 7. Ngf3 Qb6 8. O-O
cxd4 9. cxd4 Be7 10. Nb3 a5 11. a4 f6 12. Nh4 Kd8 13. Nf3 h6 14. Re1 Rf8 15.
Bd2 fxe5 16. Bb5 e4 17. Ne5 Ndxe5 18. dxe5 Qxf2+ 19. Kh1 Bb4 20. Rf1 Qh4 21.
Bxb4 Rxf1+ 22. Qxf1 axb4 23. Qf8+ Kc7 24. Qd6+ Kb6 25. Rc1 Qg5 26. Bxc6 bxc6
27. Qxc6+ Ka7 28. Qc7+ Bb7 29. Rc5 1-0

[Event "Open de Louviers"]
[Site "Louviers"]
[Date "2004.05.30"]
[Round "3"]
[White "Kurschat, Serge"]
[Black "Duflot, Martial"]
[Result "1/2-1/2"]
[WhiteElo "1499"]
[BlackElo "1920"]
[PlyCount "47"]

1. e4 d6 2. d4 Nf6 3. Nc3 g6 4. Nf3 Bg7 5. Be3 O-O 6. Qd2 Ng4 7. Bf4 e5 8. dxe5
dxe5 9. Qxd8 Rxd8 10. Bd2 c6 11. h3 Nh6 12. O-O-O b5 13. g4 f6 14. a3 Na6 15.
Na2 Nc5 16. Re1 a5 17. Kb1 Nf7 18. Bg2 Nd6 19. Nh4 Ndb7 20. Be3 Be6 21. Rd1 Bc4
22. Bf3 Bf7 23. Bg2 Ne6 24. f3 1/2-1/2